000 00639nam a2200277Ia 4500
005 20260324145417.0
008 008 260324s9999 xx 000 0 eng d
020 _a9781003182085
037 _aEBOOK
040 _aCRL
040 _beng
040 _cCRL
041 _2eng
041 _aeng
084 _qCRL
100 _aWilliam A. V. Clark
_91222870
245 0 _aModelling Housing Market Search
260 _bTaylor and Francis
260 _c1982
365 _a
365 _b170
856 _uhttp://www.taylorfrancis.com/books/9781003182085
942 _cEBOOK
999 _c1830730
_d1830730